000 00364nam a2200133Ia 4500
008 220217s9999||||xx |||||||||||||| ||und||
020 _a978-0-07-064807-4
082 _a621.381 5 BAL
100 _aBali, S.P
_91900
245 0 _aLinear integrated ciecuits
260 _aTata mcgraw hill company Ltd
_bNew Delhi
_c2008
300 _b250
650 _aCIRCUITRY
999 _c177313
_d177313